MAFF Milk Task Force recommends scrapping of milk quota and price support (Record no. 69280)

MARC details
000 -LEADER
fixed length control field 00815cam a2200193 4500
001 - CONTROL NUMBER
control field WB3802-34
008 - FIXED-LENGTH DATA ELEMENTS--GENERAL INFORMATION
fixed length control field 020115n2002 000 0 eng u
035 ## - SYSTEM CONTROL NUMBER
System control number (Sirsi) u116301
245 ## - TITLE STATEMENT
Title MAFF Milk Task Force recommends scrapping of milk quota and price support
260 ## - PUBLICATION, DISTRIBUTION, ETC.
Date of publication, distribution, etc. 2002
490 ## - SERIES STATEMENT
Series statement Farmers Guardian
Volume/sequential designation 11 January 2002, 6(2)
520 ## - SUMMARY, ETC.
Summary, etc. A MAFF initiated Milk Task Force Report recommends that the milk quota and price support should be scrapped arguing that they have hampered improved efficiency and productivity. Removal will not take place for one or two years. The report includes many other recommendations including introduction of a benchmarking service.
590 ## - LOCAL NOTE (RLIN)
Local note WB
650 ## - SUBJECT ADDED ENTRY--TOPICAL TERM
Topical term or geographic name entry element FARMING
650 ## - SUBJECT ADDED ENTRY--TOPICAL TERM
Topical term or geographic name entry element MILK QUOTA
650 ## - SUBJECT ADDED ENTRY--TOPICAL TERM
Topical term or geographic name entry element DAIRY FARMS
690 ## - LOCAL SUBJECT ADDED ENTRY--TOPICAL TERM (OCLC, RLIN)
Topical term or geographic name as entry element Rural
9 (RLIN) 6268
942 ## - ADDED ENTRY ELEMENTS (KOHA)
Suppress in OPAC 0
Holdings
Withdrawn status Lost status Source of classification or shelving scheme Damaged status Not for loan Home library Current library Shelving location Date acquired Total Checkouts Full call number Barcode Date last seen Copy number Price effective from Koha item type
    Dewey Decimal Classification     London London News article 15/01/2002   WB3802-34 116301-1001 06/08/2019 1 06/08/2019 News article